Rapport sur les objets exposés par les services pénitentiaires a l'exposition universelle de 1878 / (Record no. 153449)

MARC details
000 -LEADER
campo de control de longitud fija 00999nam a2200205 i 4500
001 - NÚMERO DE CONTROL
campo de control 153449
003 - IDENTIFICADOR DE NÚMERO DE CONTROL
campo de control ES-MaACL
005 - FECHA Y HORA DE LA ÚLTIMA TRANSACCIÓN
campo de control 20230906205229.0
008 - DATOS DE LONGITUD FIJA--INFORMACIÓN GENERAL
campo de control de longitud fija 050711s1878 fr |||| | fre d
100 1# - ENTRADA PRINCIPAL--NOMBRE DE PERSONA
Nombre de persona Desportes, Fernand.
9 (RLIN) 43922
245 10 - MENCIÓN DEL TÍTULO
Título Rapport sur les objets exposés par les services pénitentiaires a l'exposition universelle de 1878 /
Mención de responsabilidad, etc. par Fernand Desportes.
260 ## - PUBLICACIÓN, DISTRIBUCIÓN, ETC.
Lugar de publicación, distribución, etc. [Paris] :
Nombre del editor, distribuidor, etc. Imp. Nationale,
Fecha de publicación, distribución, etc. 1878.
300 ## - DESCRIPCIÓN FÍSICA
Extensión 27 p. ;
Dimensiones 23 cm.
594 ## - Nota al título y mención de responsabilidad
Nota al título y mención de responsabilidad Tít. tomado de comienzo de texto, al que precede: Ministère de l'Intérieur, Conseil Supérieur des Prisons.
596 ## - NOTA AL PIE DE IMPRENTA
NOTA AL PIE DE IMPRENTA El pie de imp. consta en colofón.
611 24 - PUNTO DE ACCESO ADICIONAL DE MATERIA--NOMBRE DE REUNIÓN/CONGRESO
Nombre de congreso/reunión o jurisdicción como elemento de entrada Exposition Universelle.
Fecha del congreso o de la firma del tratado 1878.
Sede del congreso/Lugar de la reunión Paris)
9 (RLIN) 135143
650 #4 - PUNTO DE ACCESO ADICIONAL DE MATERIA--TÉRMINO DE MATERIA
Término de materia o nombre geográfico como elemento de entrada Establecimientos penitenciarios-
Subdivisión geográfica Francia.
9 (RLIN) 143319
710 1# - ENTRADA AGREGADA--NOMBRE DE ENTIDAD CORPORATIVA
Nombre de entidad corporativa o nombre de jurisdicción como elemento de entrada Francia.
Unidad subordinada Ministère de l'Intérieur.
9 (RLIN) 134396
852 ## - LOCALIZACIÓN
Ubicación ES-MaACL
Número de control de estantería D-134(16)
Nota libre - Enc. hol.
-- .- Donativo Lastres
-- - Enc. en un vol. facticio, formando parte de la col. facticia "Estudios penitenciarios", folletos, 1
Holdings
Estatus retirado Estado de pérdida Estado de daño No para préstamo Colección Biblioteca de origen Biblioteca actual Ubicación en estantería Fecha de adquisición Fuente de adquisición Total de préstamos Signatura topográfica completa Código de barras Visto por última vez Precio de reemplazo Tipo de ítem Koha
        Libros del s. XIX Biblioteca del Ateneo de Madrid Biblioteca del Ateneo de Madrid Sala Valle Inclán 17/01/2008     D-134(16) 901160373 23/02/2023 23/02/2023 Libro impreso antiguo